[Event "St Petersburg Korchnoi Memorial op"]
[Site "St Petersburg"]
[Date "2023.08.20"]
[Round "4"]
[White "Bambizo, Mikhail"]
[Black "Tipikin, Ivan"]
[Result "1-0"]
[WhiteElo "1579"]
[BlackElo "1890"]
[PlyCount "81"]
[EventDate "2023.08.18"]
[EventType "swiss"]
[EventRounds "9"]
[EventCountry "RUS"]
[SourceTitle "EXT 2024"]
[Source "ChessBase"]
[SourceDate "2023.10.10"]
[SourceVersion "1"]
[SourceVersionDate "2023.10.10"]
[SourceQuality "1"]

1. Nf3 b5 2. e3 b4 3. d4 e6 4. a3 Bb7 5. axb4 Bxb4+ 6. Bd2 Be7 7. c4 Nf6 8. Nc3 c5 9. Be2 0-0 10. Qb3 Qb6 11. Qxb6 axb6 12. Rxa8 Bxa8 13. Na4 Bxf3 14. Bxf3 cxd4 15. exd4 b5 16. cxb5 d5 17. 0-0 Rc8 18. Nb6 Rc7 19. Bf4 Rb7 20. Nc8 Bf8 21. b6 Nfd7 22. Bc7 Na6 23. Rc1 g6 24. Be2 Ndb8 25. Bxb8 Nxb8 26. Rc7 Rxc7 27. bxc7 Nc6 28. Nb6 Na7 29. c8Q Nxc8 30. Nxc8 Bg7 31. Ne7+ Kf8 32. Nc6 Ke8 33. b4 Kd7 34. b5 Kd6 35. Kf1 f6 36. Na5 e5 37. b6 Bf8 38. Bb5 exd4 39. Nc6 Kc5 40. b7 Bd6 41. Ba4 1-0